000 00832nam a22002417a 4500
999 _c195226
_d195226
005 20230317123537.0
010 _aENG-136385
020 _a9789386906038
_c1750.00
035 _aEN-119917
037 _bDBAD/PUB
082 _a599.744280954
100 _aMehta, Shivang
245 _aA Decade with Tiger:
_cBy Shivang Mehta edited by Upama Biswas and Sidhartha Bannerjee,
_bSupremacy.Solitude.Stripes/
250 _a2017
260 _aNew Delhi
_bNiyogi Books
270 _bNew Delhi
_aBlock D,Building No 77, Okhla Ind Area Phase !
_e110020
_mniyogibooksindia@gmail.com
300 _a360p.;
_c23cm(pb)
_bill
700 _aPandey, Mike
_eForeword
700 _aBiswas,Upama
_eEditor
700 _aBannerjee,Sidhartha
_eEditor
700 _aShankar,Ganesh
_eAfterword
942 _2ddc
_cEN
_mSHI
_h599.744280954